Současné trendy ve vývoji sociálního státu ve střední a v západní Evropě

Sociálne zabezpečenia a globálny koncept spoločnosti. Sociálne zabezpečenie a občianska spoločnosť. Sociálny štát pod tlakom ideologických a ekonomických faktorov.

Saved in:
Bibliographic Details
Main Author: Rys, Vladimír
Format: Book Chapter
Language:Czech
Subjects:
Tags: Add Tag
No Tags, Be the first to tag this record!

MARC

LEADER 00000naa a2200000 4500
001 r038508
005 20230913071221.2
041 0 |a cze 
044 |a CZ 
245 1 0 |a Současné trendy ve vývoji sociálního státu ve střední a v západní Evropě  |c Vladimír Rys 
520 |a Sociálne zabezpečenia a globálny koncept spoločnosti. Sociálne zabezpečenie a občianska spoločnosť. Sociálny štát pod tlakom ideologických a ekonomických faktorov. 
610 2 0 |a zabezpečenie sociálne 
610 2 0 |a štát 
610 2 0 |a spoločnosť 
610 2 0 |a reformy sociálne 
610 2 0 |a spoločnosť občianska 
610 2 0 |a globalizácia 
610 2 0 |a ideológia 
610 2 0 |a Česko 
610 2 0 |a stredná Európa 
610 2 0 |a západná Európa 
100 1 |a Rys, Vladimír